| 000 | 00720nam a22002177a 4500 | ||
|---|---|---|---|
| 999 |
_c6531 _d6531 |
||
| 001 | 6531 | ||
| 003 | BD-JhCC | ||
| 005 | 20180124192850.0 | ||
| 008 | 180124b xxu||||| |||| 00| 0 eng d | ||
| 035 | _a(BD-JhCC)6531 | ||
| 040 |
_aBD-JhCC _dBD-JhCC |
||
| 041 | _aeng | ||
| 082 |
_a590 _bRAH 1966 |
||
| 100 | _aরহমান, ডাক্তার হামীদুর | ||
| 245 |
_aআমাদের পশুপক্ষী / _cডাক্তার হামীদুর রহমান |
||
| 260 |
_aঢাকা : _bকেন্দ্রীয় বাঙলা উন্নয়ন বোর্ড, _c1966. |
||
| 300 |
_a150 p. : _bills; _c25 cm. |
||
| 650 | _aAnimals | ||
| 942 |
_2ddc _cBK |
||